000 00411nam a22001697a 4500
003 MPLRDC
005 20220104114434.0
008 210129b ||||| |||| 00| 0 eng d
082 _a857.63 CKL v.68
100 _a岑凯伦
245 _a天之骄女
_c
250 _a再版
260 _a
_b环球图书杂志出版社
_c1990
300 _b
650 _a短篇小说--别集
942 _cBK
_o857.63 CKL v.68
999 _c7471
_d7461